Costos y Presupuestos para financieros junior

Detalles Bibliográficos
Autor principal: Vasquez Rojas, Felix Aermando
Formato: eBook
Lenguaje:español
Publicado: Bogot:̀ Grupo Editorial Nueva Legislacin̤, 2020
Materias:
Acceso en línea:Acceso restringido

MARC

LEADER 00000nam a22000007a 4500
005 20201204104917.0
007 cr|||| ||||
008 201204s2020 co |||||s|||| 00||0 spa d
020 |a 9789585265257 
035 |a 32223 
040 |a vLex 
090 |c 10920  |d 10920 
100 1 |a Vasquez Rojas, Felix Aermando 
245 1 0 |a Costos y Presupuestos para financieros junior  |h [Recurso electrn̤ico] /  |c Felix Aermando Vasquez Rojas 
256 |a Servicio en ln̕ea 
260 |a Bogot:̀  |b Grupo Editorial Nueva Legislacin̤,  |c 2020 
300 |a 1 recurso electrn̤ico 
506 1 |a Disponible solo en los productos indicados  |d vLex Global  |d vLex Global (Academic Edition, excluding Law Schools)  |d vLex Global (U.S. Academic Edition, Law Schools)  |d vLex Global (U.S. Academic Edition, excluding Law Schools)  |d vLex Global (Academic Edition, Law Schools) 
650 0 4 |a Economa̕ y negocios  |z Colombia 
650 0 4 |a Derecho Tributario  |z Colombia 
740 0 |a vLex Libros (Servicio en ln̕ea) 
856 4 0 |u http://vlex.com/source/costos-presupuestos-financieros-junior-32223  |z Acceso restringido 
942 |c BOOK 
999 0 |a Economy and business 
999 0 |a Tax Law